MARC details
| 000 -CABECERA |
| campo de control de longitud fija |
01550nam a2200229 a 4500 |
| 003 - IDENTIFICADOR DEL NÚMERO DE CONTROL |
| campo de control |
DO-SdBNP |
| 005 - FECHA Y HORA DE LA ÚLTIMA TRANSACCIÓN |
| campo de control |
20220929094642.0 |
| 007 - CAMPO FIJO DE DESCRIPCIÓN FÍSICA--INFORMACIÓN GENERAL |
| campo de control de longitud fija |
ta |
| 008 - DATOS DE LONGITUD FIJA--INFORMACIÓN GENERAL |
| campo de control de longitud fija |
220920e2017 dr ao||gr||||o001 0 spa d |
| 040 ## - FUENTE DE LA CATALOGACIÓN |
| Centro catalogador/agencia de origen |
DO-SdBNP |
| Lengua de catalogación |
spa |
| Centro/agencia transcriptor |
BNPHU |
| 082 #4 - NÚMERO DE LA CLASIFICACIÓN DECIMAL DEWEY |
| Número de edición |
22 |
| Número de documento/Ítem |
M321r |
| 245 ## - MENCIÓN DE TÍTULO |
| Título |
Marco regulatorio para el fortalecimiento de la conservación de la biodiversidad costera marina y el turismo sostenible: |
| 260 ## - PUBLICACIÓN, DISTRIBUCIÓN, ETC. |
| Lugar de publicación, distribución, etc. |
Santo Domingo : |
| Nombre del editor, distribuidor, etc. |
Ministerio de Medio Ambiente y Recursos Naturales, |
| Fecha de publicación, distribución, etc. |
[2017] |
| 300 ## - DESCRIPCIÓN FÍSICA |
| Extensión |
[43] p. : |
| Otras características físicas |
il., fotogr. ; |
| Dimensiones |
28 cm. |
| 505 ## - NOTA DE CONTENIDO CON FORMATO |
| Nota de contenido con formato |
Presentación. |
| Información miscelánea |
Sección I |
| Título |
Propuestas de Modificación de Regulaciones Existentes.-- |
| -- |
Propuestas de Creación de nuevas regulaciones.-- |
| -- |
Recomendaciones finales.-- |
| Información miscelánea |
Anexo I |
| Título |
Borrador Política Nacional de Turismo sostenible en Zonas Costero Marinas.-- |
| Información miscelánea |
Anexo II |
| Título |
Fortalezas, Oportunidades, Debilidades y Amenazas.-- |
| -- |
Ejes Estratégicos.-- |
| -- |
Ejes Estratégicos 1: Marco Legal e Institucional Adecuado.-- |
| -- |
Ejes Estratégicos 2: Sostenibilidad del Turismo |
| -- |
Ejes Estratégicos 3: Conservación de la Biodiversidad Costera Marina. |
| -- |
Ejes Estratégicos 4: Inversión y Competitividad.-- |
| -- |
Ejes Estratégicos 5: Mercadeo Estratégico.-- |
| -- |
Cuadro de Acciones.-- |
| -- |
Índice de tablas.-- |
| -- |
Índice de figuras.-- |
| 590 ## - NOTA LOCAL (RLIN) |
| Nota local |
Inventariado 2022 / MF |
| 650 #4 - PUNTO DE ACCESO ADICIONAL DE MATERIA--TÉRMINO DE MATERIA |
| 9 (RLIN) |
80852 |
| Término de materia o nombre geográfico como elemento de entrada |
Turismo sostenible |
| Subdivisión general |
Aspectos económicos |
| Subdivisión geográfica |
República Dominicana |
| 650 #4 - PUNTO DE ACCESO ADICIONAL DE MATERIA--TÉRMINO DE MATERIA |
| 9 (RLIN) |
82041 |
| Término de materia o nombre geográfico como elemento de entrada |
Conservación de la biodiversidad |
| Subdivisión de forma |
República Dominicana |
| 710 2# - PUNTO DE ACCESO ADICIONAL--NOMBRE DE ENTIDAD CORPORATIVA |
| 9 (RLIN) |
65034 |
| Nombre de entidad corporativa o nombre de jurisdicción como elemento de entrada |
Proyecto Biodiversidad Costera y Turismo |
| 910 ## - DATOS DE OPCIÓN DEL USUARIO (OCLC) |
| Datos de opción del usuario |
Mfeliz |
| 942 ## - ELEMENTOS DE PUNTO DE ACCESO ADICIONAL (KOHA) |
| Fuente del sistema de clasificación o colocación |
Dewey Decimal Classification |
| Tipo de ítem Koha |
Folleto |